00292nam a2200133Ia 45000030006000000080041000060400015000471000019000622450036000812600006001173000006001235460012001290050017001410STCL150530s9999 xx 000 0 und d aSTCLcSTCL aButler, J.A.V. aGene Control in the living Cell c0 a0 aEnglish20220125170438.0